[Event "Titled Tuesday intern op 01st Nov Late"]
[Site "Chess.com INT"]
[Date "2022.11.01"]
[Round "10"]
[White "Hughes, Tyler B"]
[Black "Simonovic, Miroslav"]
[Result "1-0"]
[WhiteElo "2252"]
[BlackElo "2115"]
[PlyCount "185"]
[EventDate "2022.11.01"]
[EventType "swiss (blitz)"]
[EventRounds "11"]
[EventCountry "USA"]
[SourceTitle "EXT 2024"]
[Source "ChessBase"]
[SourceDate "2023.10.10"]
[SourceVersion "1"]
[SourceVersionDate "2023.10.10"]
[SourceQuality "1"]

1. d4 Nf6 2. c4 c5 3. d5 b5 4. Qc2 bxc4 5. e4 d6 6. Bxc4 g6 7. h3 Bg7 8. Nf3 0-0 9. 0-0 Nbd7 10. Nbd2 a5 11. a4 Ba6 12. Rb1 Bxc4 13. Nxc4 Nb6 14. Nfd2 Nfd7 15. b3 Qc7 16. Na3 Rfc8 17. Nb5 Qb8 18. Nc4 Ne5 19. Bd2 Nexc4 20. bxc4 Qb7 21. Na3 Rcb8 22. Rb5 Qd7 23. Rfb1 Ra6 24. Bxa5 Qa7 25. Bxb6 Rbxb6 26. a5 Rxb5 27. Nxb5 Qd7 28. Qa2 f5 29. exf5 gxf5 30. Re1 Bf6 31. Re3 Qd8 32. Ra3 e5 33. dxe6 Qe7 34. Qe2 Be5 35. Qf3 f4 36. Qd5 Kg7 37. Nc3 Qa7 38. Ne4 Rxa5 39. Rxa5 Qxa5 40. e7 Qa1+ 41. Kh2 f3+ 42. g3 Qf1 43. Qg8+ Kxg8 44. e8Q+ Kg7 45. Qe7+ Kg8 46. Qe6+ Kg7 47. Qe7+ Kg8 48. Qg5+ Kf7 49. Qf5+ Ke7 50. Qxf3 Qxc4 51. Ng5 Qd4 52. Qf7+ Kd8 53. Ne6+ Kc8 54. Nxd4 Bxd4 55. Qxh7 c4 56. Qc2 c3 57. h4 Be5 58. h5 d5 59. h6 d4 60. h7 Kc7 61. f4 Bg7 62. g4 Kc6 63. g5 Kc5 64. f5 Kc4 65. f6 Bh8 66. Qa4+ Kd3 67. Qa6+ Kd2 68. Qa2+ c2 69. f7 Kd1 70. Qxc2+ Kxc2 71. f8Q Be5+ 72. Kh3 d3 73. Qc8+ Kd1 74. h8Q Bxh8 75. Qxh8 d2 76. Qd8 Ke2 77. g6 d1Q 78. Qxd1+ Kxd1 79. g7 Ke2 80. g8Q Kf3 81. Qg4+ Kf2 82. Qg3+ Ke2 83. Kg2 Kd2 84. Qf3 Kc2 85. Qe3 Kd1 86. Qf2 Kc1 87. Qe2 Kb1 88. Qd2 Ka1 89. Kf3 Kb1 90. Ke3 Ka1 91. Kd3 Kb1 92. Kc3 Ka1 93. Qb2# 1-0

[Event "Titled Tuesday intern op 01st Nov Late"]
[Site "Chess.com INT"]
[Date "2022.11.01"]
[Round "5"]
[White "Malka, Samuel"]
[Black "Hughes, Tyler B"]
[Result "1-0"]
[WhiteElo "2265"]
[BlackElo "2252"]
[PlyCount "85"]
[EventDate "2022.11.01"]
[EventType "swiss (blitz)"]
[EventRounds "11"]
[EventCountry "USA"]
[SourceTitle "EXT 2024"]
[Source "ChessBase"]
[SourceDate "2023.10.10"]
[SourceVersion "1"]
[SourceVersionDate "2023.10.10"]
[SourceQuality "1"]

1. Nf3 d5 2. g3 e6 3. Bg2 Nf6 4. 0-0 Be7 5. c4 dxc4 6. Qa4+ Bd7 7. Qxc4 c5 8. b3 Nc6 9. Bb2 Qc7 10. Qc1 Rc8 11. Nc3 a6 12. d3 b5 13. a4 b4 14. Nd1 Na5 15. Nd2 0-0 16. Ne3 Ne8 17. Nec4 Nd6 18. Ne5 Be8 19. Qc2 f6 20. Nec4 e5 21. Rac1 Bf7 22. Nxa5 Qxa5 23. Nc4 Nxc4 24. dxc4 Qc7 25. Rcd1 Rcd8 26. Qf5 g6 27. Qe4 Rxd1 28. Rxd1 Rd8 29. Rd3 Rxd3 30. exd3 a5 31. h4 h5 32. Qe3 Bf8 33. Qf3 Qd6 34. Qe3 Bg7 35. f4 exf4 36. Qxf4 Qxf4 37. gxf4 Bh6 38. Bxf6 Bxf4 39. Kf2 Bc7 40. Be7 Bb6 41. Ke3 Be6 42. Ke4 Kf7 43. Bd6 1-0

[Event "USA tt"]
[Site "ICC INT"]
[Date "2013.10.16"]
[Round "8"]
[White "Arencibia Monduy, Antonio"]
[Black "Hughes, Tyler B"]
[Result "0-1"]
[WhiteElo "2133"]
[BlackElo "2249"]
[PlyCount "138"]
[EventDate "2013.08.27"]
[EventType "team-tourn"]
[EventRounds "10"]
[EventCountry "USA"]
[SourceTitle "EXT 2014"]
[Source "ChessBase"]
[SourceDate "2013.11.20"]
[SourceVersion "1"]
[SourceVersionDate "2013.11.20"]
[SourceQuality "1"]
[WhiteTeam "Miami"]
[BlackTeam "St Louis"]
[WhiteTeamCountry "USA"]
[BlackTeamCountry "USA"]

1. e4 c5 2. Nf3 e6 3. c3 Nf6 4. e5 Nd5 5. d4 cxd4 6. cxd4 d6 7. exd6 Bxd6 8. Bd3 Nf4 9. Bb5+ Nd7 10. 0-0 a6 11. Ba4 b5 12. Bc2 Bb7 13. Nc3 Nf6 14. Re1 Rc8 15. Ne4 Nxe4 16. Bxe4 Bxe4 17. Rxe4 Nd5 18. Bg5 Be7 19. Bxe7 Qxe7 20. Ne5 0-0 21. g3 Rfd8 22. a3 Nf6 23. Rf4 Rf8 24. Qd3 Qc7 25. Qf3 Nd5 26. Rh4 Qc2 27. Nd3 Qb3 28. g4 Nf4 29. Qxf4 Qxd3 30. g5 Rc2 31. Kg2 Rxb2 32. Re1 Rb1 33. Rh3 Qc2 34. Rxb1 Qxb1 35. Rc3 Qa2 36. Qd6 Qd2 37. Rg3 Qa5 38. h4 Rd8 39. Qe7 Rf8 40. h5 Qd8 41. Qa7 Qa8+ 42. Qxa8 Rxa8 43. Rc3 Rb8 44. Kf3 a5 45. Ke4 b4 46. axb4 axb4 47. Rb3 Kf8 48. d5 Ke7 49. dxe6 Kxe6 50. f4 g6 51. hxg6 hxg6 52. f5+ gxf5+ 53. Kd4 Rd8+ 54. Kc5 f4 55. Rxb4 Kf5 56. Rb7 Kxg5 57. Rxf7 Kg4 58. Rg7+ Kf3 59. Kc4 Ke3 60. Re7+ Kf2 61. Kc3 f3 62. Kc2 Kf1 63. Rf7 f2 64. Rg7 Rd5 65. Rg6 Ke2 66. Re6+ Kf3 67. Rf6+ Ke3 68. Rf7 Rd4 69. Kc3 Rf4 0-1

[Event "Dallas UTD"]
[Site "Dallas"]
[Date "2012.11.18"]
[Round "5"]
[White "Hughes, Tyler B"]
[Black "Chirila, Ioan Cristian"]
[Result "0-1"]
[WhiteElo "2289"]
[BlackElo "2506"]
[PlyCount "174"]
[EventDate "2012.11.16"]
[EventType "tourn"]
[EventRounds "9"]
[EventCountry "USA"]
[EventCategory "9"]
[SourceTitle "CBM 151 Extra"]
[Source "ChessBase"]
[SourceDate "2012.12.18"]
[SourceVersion "1"]
[SourceVersionDate "2012.12.18"]
[SourceQuality "1"]

1. d4 Nf6 2. c4 c5 3. d5 e6 4. Nc3 exd5 5. cxd5 d6 6. Nf3 g6 7. Qa4+ Nbd7 8. Bf4 a6 9. e4 Rb8 10. Nd2 b5 11. Qc2 Qe7 12. Be2 Bg7 13. 0-0 0-0 14. a3 Bb7 15. Rac1 Rfe8 16. Rfe1 Rbc8 17. Bf1 Ng4 18. Bg3 c4 19. Nf3 Nc5 20. h3 Ne5 21. Nxe5 Bxe5 22. Bxe5 Qxe5 23. g3 Rc7 24. Re3 Rce7 25. Rce1 Bc8 26. Kh2 Bd7 27. Qd1 g5 28. Qh5 Qf6 29. Bg2 Nd3 30. Rf1 Nxb2 31. f4 Qg6 32. Qe2 Nd3 33. e5 gxf4 34. gxf4 Kh8 35. e6 f5 36. exd7 Rxe3 37. Qxe3 Rxe3 38. d8Q+ Re8 39. Qg5 Qg7 40. Qxg7+ Kxg7 41. Kg3 Kf6 42. Kh4 Nc5 43. Rf3 Re1 44. Bf1 Ne4 45. Bg2 Nc5 46. Rf1 Re7 47. Kh5 Rg7 48. Bf3 Nd3 49. Be2 Rg3 50. h4 Nxf4+ 51. Rxf4 Rxc3 52. Bg4 Rxa3 53. Rxf5+ Ke7 54. Rf2 c3 55. Kg5 b4 56. Re2+ Kd8 57. Kf6 b3 58. Bf5 Ra5 59. Ke6 Kc7 60. Bxh7 Rc5 61. Re1 c2 62. Rc1 Kb6 63. Bxc2 Rxc2 64. Rb1 b2 65. h5 Kc5 66. h6 Rh2 67. h7 Rxh7 68. Rxb2 Rh6+ 69. Kf5 Rh5+ 70. Ke4 Re5+ 71. Kd3 Rxd5+ 72. Kc3 Rh5 73. Rb8 Rh3+ 74. Kd2 d5 75. Ra8 Kb5 76. Rb8+ Kc4 77. Rc8+ Kd4 78. Ra8 Ra3 79. Rh8 a5 80. Rh4+ Kc5 81. Kc2 d4 82. Rh8 Rc3+ 83. Kd2 a4 84. Rc8+ Kb4 85. Rb8+ Ka3 86. Rd8 Rc4 87. Rb8 Rb4 0-1

[Event "Richardson UTD GM 8th"]
[Site "Richardson"]
[Date "2011.12.18"]
[Round "6"]
[White "Onischuk, Alexander"]
[Black "Hughes, Tyler B"]
[Result "1-0"]
[WhiteElo "2674"]
[BlackElo "2295"]
[PlyCount "71"]
[EventDate "2011.12.15"]
[EventType "tourn"]
[EventRounds "9"]
[EventCountry "USA"]
[EventCategory "10"]
[SourceTitle "CBM 145 Extra"]
[Source "ChessBase"]
[SourceDate "2012.01.03"]
[SourceVersion "1"]
[SourceVersionDate "2012.01.03"]
[SourceQuality "1"]

1. d4 Nf6 2. c4 g6 3. Nc3 Bg7 4. e4 0-0 5. Nf3 d6 6. Be2 e5 7. Be3 Na6 8. 0-0 Ng4 9. Bg5 f6 10. Bc1 exd4 11. Nxd4 f5 12. exf5 Nxh2 13. Re1 Qh4 14. Nf3 Nxf3+ 15. Bxf3 Bxf5 16. g3 Qd4 17. Bd5+ Kh8 18. Qxd4 Bxd4 19. Nb5 c6 20. Nxd4 cxd5 21. cxd5 Nb4 22. Bh6 Rfe8 23. Nxf5 gxf5 24. Rad1 Kg8 25. Re6 Rad8 26. Bg5 Rxe6 27. dxe6 Re8 28. Rxd6 Kg7 29. Kg2 Nc6 30. Kf3 h6 31. Bh4 Ne5+ 32. Kf4 Ng6+ 33. Kxf5 Rf8+ 34. Ke4 Nxh4 35. Rd7+ Kg6 36. e7 1-0

[Event "Richardson UTD GM 7th"]
[Site "Richardson"]
[Date "2010.12.20"]
[Round "8"]
[White "Chirila, Ioan Cristian"]
[Black "Hughes, Tyler B"]
[Result "0-1"]
[WhiteElo "2492"]
[BlackElo "2267"]
[PlyCount "74"]
[EventDate "2010.12.16"]
[EventType "tourn"]
[EventRounds "9"]
[EventCountry "USA"]
[EventCategory "10"]
[SourceTitle "CBM 139 Extra"]
[Source "ChessBase"]
[SourceDate "2011.01.05"]
[SourceVersion "1"]
[SourceVersionDate "2011.01.05"]
[SourceQuality "1"]

1. e4 c5 2. Nf3 e6 3. c3 Nf6 4. e5 Nd5 5. d4 cxd4 6. cxd4 d6 7. Bc4 Nb6 8. Bb3 dxe5 9. Nxe5 Nc6 10. Nf3 Nb4 11. Nc3 Be7 12. 0-0 0-0 13. Re1 Bd7 14. Ne5 Bc6 15. Qg4 N4d5 16. Bh6 Bf6 17. Ne4 Kh8 18. Nxf6 Qxf6 19. Bg5 Qf5 20. Qxf5 exf5 21. Nxc6 bxc6 22. Be7 Rfe8 23. Bc5 g6 24. Kf1 Kg7 25. Rac1 Nf4 26. Re3 Rxe3 27. fxe3 Nfd5 28. Bxb6 axb6 29. Rxc6 Nxe3+ 30. Kg1 Re8 31. h3 Re4 32. Rd6 Rf4 33. Rd7 Rf1+ 34. Kh2 f4 35. Rxf7+ Kh6 36. d5 Nf5 37. h4 Ne3 0-1

[Event "Richardson UTD GM 7th"]
[Site "Richardson"]
[Date "2010.12.20"]
[Round "7"]
[White "Hughes, Tyler B"]
[Black "Yang, Darwin"]
[Result "0-1"]
[WhiteElo "2267"]
[BlackElo "2417"]
[PlyCount "62"]
[EventDate "2010.12.16"]
[EventType "tourn"]
[EventRounds "9"]
[EventCountry "USA"]
[EventCategory "10"]
[SourceTitle "CBM 139 Extra"]
[Source "ChessBase"]
[SourceDate "2011.01.05"]
[SourceVersion "1"]
[SourceVersionDate "2011.01.05"]
[SourceQuality "1"]

1. d4 Nf6 2. c4 e6 3. Nc3 Bb4 4. f3 d5 5. a3 Bxc3+ 6. bxc3 c5 7. cxd5 Nxd5 8. dxc5 Qa5 9. e4 Ne7 10. Be3 0-0 11. Qb3 Qc7 12. Bb5 Nec6 13. Rd1 Na5 14. Qa4 e5 15. Ne2 Be6 16. Rd5 a6 17. Bd3 Nd7 18. Qb4 Rac8 19. 0-0 g6 20. Rxd7 Qxd7 21. Rd1 Nc6 22. Qb1 Qe7 23. g3 Rfd8 24. f4 Bg4 25. Rf1 Rd7 26. Nc1 Rcd8 27. Bc2 exf4 28. gxf4 Bh3 29. Re1 Qh4 30. Ne2 Qg4+ 31. Ng3 h5 0-1

[Event "Richardson UTD GM 7th"]
[Site "Richardson"]
[Date "2010.12.19"]
[Round "6"]
[White "Ramirez Alvarez, Alejandro"]
[Black "Hughes, Tyler B"]
[Result "1-0"]
[WhiteElo "2577"]
[BlackElo "2267"]
[PlyCount "39"]
[EventDate "2010.12.16"]
[EventType "tourn"]
[EventRounds "9"]
[EventCountry "USA"]
[EventCategory "10"]
[SourceTitle "CBM 139 Extra"]
[Source "ChessBase"]
[SourceDate "2011.01.05"]
[SourceVersion "1"]
[SourceVersionDate "2011.01.05"]
[SourceQuality "1"]

1. d4 Nf6 2. c4 g6 3. Nc3 Bg7 4. Nf3 0-0 5. Bg5 c5 6. d5 b5 7. cxb5 a6 8. e3 d6 9. Nd2 Nbd7 10. a4 Qa5 11. Ra3 h6 12. Nc4 Qb4 13. Bxf6 Bxf6 14. b6 Rb8 15. a5 Ne5 16. Ra4 Nxc4 17. Rxb4 cxb4 18. Ne4 Nxa5 19. Nxf6+ exf6 20. Qd4 1-0

[Event "Richardson UTD GM 7th"]
[Site "Richardson"]
[Date "2010.12.18"]
[Round "5"]
[White "Hughes, Tyler B"]
[Black "Panchanathan, Magesh Chandran"]
[Result "1/2-1/2"]
[WhiteElo "2267"]
[BlackElo "2546"]
[PlyCount "76"]
[EventDate "2010.12.16"]
[EventType "tourn"]
[EventRounds "9"]
[EventCountry "USA"]
[EventCategory "10"]
[SourceTitle "CBM 139 Extra"]
[Source "ChessBase"]
[SourceDate "2011.01.05"]
[SourceVersion "1"]
[SourceVersionDate "2011.01.05"]
[SourceQuality "1"]

1. d4 Nf6 2. c4 e6 3. Nc3 Bb4 4. f3 d5 5. a3 Bxc3+ 6. bxc3 c5 7. cxd5 Nxd5 8. dxc5 Qa5 9. e4 Ne7 10. Be3 0-0 11. Qb3 Qc7 12. Rd1 Nec6 13. Bb5 Na5 14. Qb4 Nbc6 15. Qa4 e5 16. Rd6 Be6 17. Rxe6 fxe6 18. Nh3 h6 19. 0-0 Rad8 20. Nf2 Ne7 21. Be2 Ng6 22. g3 Rf7 23. Kg2 Kh8 24. Rb1 Nc6 25. Nd3 Nf8 26. Nf2 Rfd7 27. Bc4 Na5 28. Be2 Rd2 29. Bxd2 Rxd2 30. Kf1 Qxc5 31. Qb4 Nd7 32. Rd1 Rxd1+ 33. Nxd1 a6 34. Nf2 Qc7 35. Qe7 Nc4 36. Bxc4 Qxc4+ 37. Kg2 Nc5 38. h4 Kh7 1/2-1/2

[Event "Richardson UTD GM 7th"]
[Site "Richardson"]
[Date "2010.12.17"]
[Round "2"]
[White "Hughes, Tyler B"]
[Black "Zierk, Steven C"]
[Result "1/2-1/2"]
[WhiteElo "2267"]
[BlackElo "2403"]
[PlyCount "61"]
[EventDate "2010.12.16"]
[EventType "tourn"]
[EventRounds "9"]
[EventCountry "USA"]
[EventCategory "10"]
[SourceTitle "CBM 139 Extra"]
[Source "ChessBase"]
[SourceDate "2011.01.05"]
[SourceVersion "1"]
[SourceVersionDate "2011.01.05"]
[SourceQuality "1"]

1. d4 d5 2. c4 c6 3. Nf3 Nf6 4. e3 Bf5 5. cxd5 cxd5 6. Nc3 e6 7. Ne5 Nc6 8. g4 Bg6 9. h4 h5 10. Nxg6 fxg6 11. g5 Ng8 12. Bh3 Qd7 13. e4 Bb4 14. 0-0 Bxc3 15. bxc3 Nge7 16. Re1 dxe4 17. Rxe4 Nf5 18. Qb3 Kf7 19. Bxf5 gxf5 20. Rxe6 Qxe6 21. g6+ Ke7 22. Bg5+ Kd6 23. Bf4+ Ke7 24. Bg5+ Kd6 25. d5 Qe5 26. dxc6 Kxc6 27. Qc4+ Qc5 28. Qe6+ Qd6 29. Qc4+ Qc5 30. Qe6+ Qd6 31. Qc4+ 1/2-1/2

[Event "US Open-111"]
[Site "Irvine"]
[Date "2010.08.02"]
[Round "3"]
[White "Lawrence, Danyul"]
[Black "Hughes, Tyler B"]
[Result "0-1"]
[WhiteElo "2064"]
[BlackElo "2312"]
[PlyCount "74"]
[EventDate "2010.07.31"]
[EventType "swiss"]
[EventRounds "9"]
[EventCountry "USA"]
[SourceTitle "CBM 137 Extra"]
[Source "ChessBase"]
[SourceDate "2010.09.01"]
[SourceVersion "1"]
[SourceVersionDate "2010.09.01"]
[SourceQuality "1"]

1. d4 Nf6 2. Bg5 e6 3. Nf3 h6 4. Bh4 c5 5. c3 Be7 6. Nbd2 0-0 7. e4 d5 8. e5 Nfd7 9. Bxe7 Qxe7 10. Bd3 b6 11. Qe2 a5 12. 0-0 Ba6 13. Bxa6 Nxa6 14. g3 Nc7 15. Nh4 b5 16. f4 g6 17. Ng2 b4 18. Ne3 a4 19. Rac1 a3 20. b3 bxc3 21. Rxc3 Rab8 22. Nf3 Nb5 23. Rc2 cxd4 24. Ng4 Nc5 25. Nf2 Na6 26. Nd3 Rfc8 27. Rfc1 Rc3 28. Qd2 Rbc8 29. Kf1 Nb4 30. Nxb4 Rxf3+ 31. Kg2 Rfc3 32. Nd3 Qc7 33. Ne1 Qa5 34. Nd3 Rxc2 35. Rxc2 Rc3 36. Kf2 Qc7 37. Nb4 Qc5 0-1

[Event "US Open-111"]
[Site "Irvine"]
[Date "2010.07.31"]
[Round "1"]
[White "Sadorra, Julio Catalino"]
[Black "Hughes, Tyler B"]
[Result "0-1"]
[WhiteElo "2473"]
[BlackElo "2312"]
[PlyCount "120"]
[EventDate "2010.07.31"]
[EventType "swiss"]
[EventRounds "9"]
[EventCountry "USA"]
[SourceTitle "CBM 137 Extra"]
[Source "ChessBase"]
[SourceDate "2010.09.01"]
[SourceVersion "1"]
[SourceVersionDate "2010.09.01"]
[SourceQuality "1"]

1. d4 Nf6 2. Nf3 g6 3. g3 Bg7 4. b3 c5 5. Bb2 cxd4 6. Nxd4 Qa5+ 7. Qd2 Qxd2+ 8. Nxd2 0-0 9. Bg2 Nc6 10. c4 Nxd4 11. Bxd4 Ne8 12. e3 Nc7 13. 0-0-0 Ne6 14. Bxg7 Kxg7 15. Ne4 d6 16. f4 Rb8 17. g4 Nc7 18. g5 b6 19. Nf2 Bb7 20. Bxb7 Rxb7 21. Ng4 b5 22. cxb5 Rxb5 23. Kb2 a5 24. Rc1 Ne6 25. Ka3 Rb4 26. h4 Rfb8 27. h5 Nxg5 28. Rc7 Ne6 29. h6+ Kf8 30. Ra7 R4b5 31. Rc1 Nc5 32. Nf2 f6 33. Nd1 R8b7 34. Ra8+ Rb8 35. Ra7 R8b7 36. Rxb7 Rxb7 37. Nb2 Kf7 38. Na4 Ne6 39. Rc8 Rb5 40. Ra8 g5 41. Nc3 Rf5 42. fxg5 fxg5 43. Rc8 g4 44. Ne2 Re5 45. Rc3 Kg6 46. b4 Kxh6 47. Ka4 axb4 48. Kxb4 Nc5 49. Kc4 Kg5 50. Kd4 h5 51. Ra3 h4 52. Ra8 Re4+ 53. Kd5 Re5+ 54. Kd4 Re4+ 55. Kd5 Rxe3 56. Rg8+ Kf6 57. Nf4 Re5+ 58. Kc6 g3 59. Rg4 Kf5 60. Rxh4 Re4 0-1

[Event "USA-ch U20"]
[Site "Saint Louis"]
[Date "2010.07.14"]
[Round "5"]
[White "Shankland, Samuel L"]
[Black "Hughes, Tyler B"]
[Result "1-0"]
[WhiteElo "2513"]
[BlackElo "2312"]
[PlyCount "120"]
[EventDate "2010.07.10"]
[EventType "tourn"]
[EventRounds "9"]
[EventCountry "USA"]
[EventCategory "5"]
[SourceTitle "CBM 137 Extra"]
[Source "ChessBase"]
[SourceDate "2010.09.01"]
[SourceVersion "1"]
[SourceVersionDate "2010.09.01"]
[SourceQuality "1"]

1. d4 Nf6 2. c4 g6 3. Nc3 Bg7 4. Nf3 0-0 5. g3 d6 6. Bg2 Nbd7 7. 0-0 e5 8. e4 exd4 9. Nxd4 Re8 10. h3 a6 11. Be3 Rb8 12. b3 Qe7 13. a4 a5 14. Re1 Nc5 15. f4 Qf8 16. Bf2 h5 17. Ndb5 Na6 18. Rc1 Bd7 19. e5 dxe5 20. fxe5 Nh7 21. Nxc7 Nxc7 22. Qxd7 Re7 23. Qd2 Rxe5 24. Rxe5 Bxe5 25. Nd5 Nxd5 26. Qxd5 Bc7 27. Rf1 b6 28. Qd7 Bd6 29. Kh1 Ng5 30. Bd5 Qe7 31. Qc6 Qc7 32. Qxc7 Bxc7 33. Be3 Ne6 34. Bxe6 fxe6 35. Rf6 Kg7 36. Rxe6 Kf7 37. Rc6 Bxg3 38. Kg2 Be1 39. Rxb6 Rxb6 40. Bxb6 Ke6 41. Kf3 Ke5 42. Ke2 Bb4 43. Kd3 Be1 44. Bd4+ Ke6 45. Ke4 Bh4 46. Bb6 Be1 47. Be3 Kd6 48. Kf4 Ke6 49. Kg5 Kf7 50. c5 Bg3 51. c6 Bc7 52. Bf4 Bxf4+ 53. Kxf4 Ke6 54. h4 Kd6 55. Kg5 Kxc6 56. Kxg6 Kc5 57. Kxh5 Kb4 58. Kg4 Kxb3 59. h5 Kxa4 60. h6 Kb3 1-0

[Event "Dallas UTD-B"]
[Site "Dallas"]
[Date "2009.11.25"]
[Round "5"]
[White "Hughes, Tyler B"]
[Black "Vedrickas, Tautvydas"]
[Result "1/2-1/2"]
[WhiteElo "2281"]
[BlackElo "2272"]
[PlyCount "84"]
[EventDate "2009.11.21"]
[EventType "tourn"]
[EventRounds "9"]
[EventCountry "USA"]
[EventCategory "2"]
[SourceTitle "CBM 133 Extra"]
[Source "ChessBase"]
[SourceDate "2010.01.05"]
[SourceVersion "1"]
[SourceVersionDate "2010.01.05"]
[SourceQuality "1"]

1. d4 Nf6 2. c4 e6 3. Nc3 d5 4. cxd5 exd5 5. Bg5 Be7 6. e3 0-0 7. Bd3 c6 8. Qc2 Nbd7 9. Nge2 Re8 10. 0-0 h6 11. Bh4 Ne4 12. Bxe7 Qxe7 13. Bxe4 dxe4 14. Ng3 Nf6 15. Rae1 h5 16. f3 exf3 17. gxf3 Bh3 18. Rf2 Rad8 19. Rd2 g6 20. e4 h4 21. Nf1 Nh5 22. Ne3 Qg5+ 23. Kh1 Be6 24. Qd1 Kg7 25. d5 cxd5 26. Ncxd5 Bxd5 27. Rxd5 Rxd5 28. Nxd5 Qe5 29. Qc1 Nf6 30. Ne3 Qe6 31. Qc3 Kh7 32. Rf1 h3 33. Qe1 Kg8 34. Qh4 Qb6 35. Qh6 Nh5 36. Rg1 Re5 37. Nf5 Qf2 38. Rxg6+ fxg6 39. Qxg6+ Kf8 40. Qh6+ Kg8 41. Qg6+ Kf8 42. Qh6+ Kg8 1/2-1/2

[Event "USA-ch"]
[Site "Saint Louis"]
[Date "2009.05.14"]
[Round "7"]
[White "Shankland, Samuel L"]
[Black "Hughes, Tyler B"]
[Result "0-1"]
[WhiteElo "2446"]
[BlackElo "2230"]
[PlyCount "134"]
[EventDate "2009.05.08"]
[EventType "swiss"]
[EventRounds "9"]
[EventCountry "USA"]
[SourceTitle "CBM 130"]
[Source "ChessBase"]
[SourceDate "2009.05.20"]
[SourceVersion "1"]
[SourceVersionDate "2009.05.20"]
[SourceQuality "1"]

1. e4 c5 2. Nf3 e6 3. d4 cxd4 4. Nxd4 a6 5. Nc3 b5 6. Bd3 Qb6 7. Nb3 Qc7 8. Qe2 Bb7 9. Bd2 b4 10. Nd1 Nc6 11. 0-0 Nf6 12. f4 a5 13. e5 Nd5 14. Ne3 Nxe3 15. Bxe3 g6 16. Rfd1 Ne7 17. Qf2 Nd5 18. Bc5 Rc8 19. Bxf8 Kxf8 20. a3 Kg7 21. Be4 Nc3 22. bxc3 Bxe4 23. cxb4 axb4 24. axb4 Qxc2 25. Nc5 Qxf2+ 26. Kxf2 Bd5 27. Rdc1 Rb8 28. Rab1 Bc6 29. Rb2 Rb6 30. Ke3 Rhb8 31. Rcb1 h5 32. g3 Kf8 33. Kd4 Ke7 34. Nd3 d6 35. exd6+ Kxd6 36. Ne5 Ke7 37. Rc1 Be8 38. Rc4 Rb5 39. Kc3 Ra8 40. Nf3 Ra3+ 41. Rb3 Ra2 42. Nd4 Rb7 43. Rb2 Ra3+ 44. Kd2 Ra4 45. Kd3 Bb5 46. Nxb5 Rxb5 47. Kc3 Kd6 48. Kb3 Ra1 49. Rc8 Kd7 50. Rc3 Rd5 51. Ra2 Rxa2 52. Kxa2 Rd2+ 53. Ka3 Rxh2 54. b5 h4 55. b6 hxg3 56. Rc7+ Kd6 57. Rc8 Rh1 58. b7 Rb1 59. b8Q+ Rxb8 60. Rxb8 e5 61. Rb4 f5 62. Rb6+ Kc5 63. Rxg6 exf4 64. Kb3 Kd4 65. Kc2 Ke3 66. Re6+ Kf2 67. Kd2 f3 0-1

[Event "USA-ch"]
[Site "Saint Louis"]
[Date "2009.05.12"]
[Round "5"]
[White "Benjamin, Joel"]
[Black "Hughes, Tyler B"]
[Result "1-0"]
[WhiteElo "2583"]
[BlackElo "2230"]
[PlyCount "51"]
[EventDate "2009.05.08"]
[EventType "swiss"]
[EventRounds "9"]
[EventCountry "USA"]
[SourceTitle "CBM 130"]
[Source "ChessBase"]
[SourceDate "2009.05.20"]
[SourceVersion "1"]
[SourceVersionDate "2009.05.20"]
[SourceQuality "1"]

1. e4 c5 2. Nf3 e6 3. Nc3 Nc6 4. Bb5 Na5 5. d4 a6 6. Bd3 cxd4 7. Nxd4 Qc7 8. 0-0 Nf6 9. Qe2 d6 10. f4 b5 11. e5 Nd7 12. Kh1 b4 13. Ne4 d5 14. Ng5 Qb6 15. Ndxe6 fxe6 16. Qh5+ g6 17. Bxg6+ Kd8 18. Bxh7 Kc7 19. Nf7 Rxh7 20. Qxh7 Bb7 21. f5 Re8 22. Bf4 Kc8 23. Qg6 Nc4 24. Nd6+ Nxd6 25. exd6 Rd8 26. fxe6 1-0